000 00449nam a2200193Ia 4500
005 20240823030724.0
008 240823s9999||||xx |||||||||||||| ||und||
020 _a0-85274-349-1
041 _aENGLISH
082 _A616.0754 Q0
100 _aWebb S Ed.
245 4 _aThe Physics of Medical Imaging
250 _a1st
260 _c2010
_bTaylor & Fr
500 _aYES
650 _aMedical Imaging
_bPhysics
942 _cBK
999 _c189374
_d189374